Sociálny program Európskej únie

Aktuálny sociálny program Európskej únie. Zelená kniha a pracovné právo. Nariadenia a smernice EÚ, ktoré úpravujú voľný pohyb osôb, voľný pohyb pracovníkov a podnikanie v Európskej únii. Politika zamestnanosti. Trh práce v krajinách EÚ. Európske služby zamestnanosti (EURES) - verejný portál pre prac...

Descrizione completa

Salvato in:
Dettagli Bibliografici
Autore principale: Tkáč, Vojtech
Natura: Capitolo di libro
Lingua:slovacco
Soggetti:
Tags: Aggiungi Tag
Nessun Tag, puoi essere il primo ad aggiungerne!!

MARC

LEADER 00000naa$a2200000$$$4500
001 0054418
005 20231109091541.1
041 0 |a slo 
044 |a SK 
245 1 0 |a Sociálny program Európskej únie  |c Vojtech Tkáč 
520 |a Aktuálny sociálny program Európskej únie. Zelená kniha a pracovné právo. Nariadenia a smernice EÚ, ktoré úpravujú voľný pohyb osôb, voľný pohyb pracovníkov a podnikanie v Európskej únii. Politika zamestnanosti. Trh práce v krajinách EÚ. Európske služby zamestnanosti (EURES) - verejný portál pre pracovnú mobilitu. Pracovnoprávne vzťahy s cudzím prvkom. Služby zamestnanosti. Vybrané pramene práva Európskej únie. 
610 2 0 |a právo pracovné 
610 2 0 |a právo sociálne 
610 2 0 |a zabezpečenie sociálne 
610 2 0 |a trh práce 
610 2 0 |a zamestnanosť 
610 2 0 |a pohyb síl pracovných medzinárodný 
610 2 0 |a podnikanie 
610 2 0 |a predpisy právne 
610 2 0 |a Európska únia 
610 2 0 |a Slovensko 
610 2 0 |a legislatíva 
100 1 |a Tkáč, Vojtech